00492nam a22001817a 450000500170000001000150001702000260003203500130005803500170007103700130008803700210010108200110012210000170013324500340015026000460018427000510023030000290028120100910110031.0 aENG-101459 a9788191064223c175.00 aEN-84992 aB-424414-433 bDBAD/PUB bBlueberry Books  a658.84 aDhawan,Nidhi aE-commerce /cby Nidhi Dhawan aNew DelhibInternational Book Housec2010 a2/42,Ansari Road, DaryaganjbNew Delhie110002 a276p.:bill.c23cm (pbk)